000
00287nam a22001337a 4500
008
250312b |||||||| |||| 00| 0 eng d
020
_a
9789354668418
040
_a
02
100
_a
RAJE,VN
245
_a
PHARMA SUCESS
260
_a
NEW DELHI
_b
CBS
_c
2024
300
_a
440
942
_c
01
999
_c
65362
_d
65362